| 000 | 01303nam a2200325 4500 | ||
|---|---|---|---|
| 003 | EC-QuCCB | ||
| 005 | 20240423091639.0 | ||
| 007 | ta | ||
| 008 | 170626s2006 ec a|||jr|||| 00| jdspa d | ||
| 020 | _a978-9978-49-118-8 | ||
| 040 | _aEC-QuCCB | ||
| 041 | _aspa | ||
| 082 |
_aI Ec863 _bC448a |
||
| 100 | 1 |
_931300 _aChamorro Aldas, Marco, _d1975- |
|
| 245 | 1 | 0 |
_aOrejas _cMarco Chamorro |
| 250 |
_aPrimera edición, _btercera reimpresión |
||
| 260 |
_aQuito, Ecuador : _bLibresa, _c2006 |
||
| 300 |
_a22 páginas : _bilustraciones ; _c21 cm |
||
| 336 |
_atexto _btxt |
||
| 337 |
_ano mediado _bn |
||
| 338 |
_avolumen _bnc |
||
| 490 | 0 | _aGarabato | |
| 500 | _aLibro silente | ||
| 520 | _aEn esta historia sin palabras, el juego del elefantito Orejas y sus amigos es interrumpido por un estentóreo llamado de la mamá, que se lo lleva a casa para bañarlo, acicalarlo y encerrarlo en su cuarto, desde cuya ventana solo puede ver a sus amigos que siguen jugando infatigablemente. Su tristeza es tal que la mamá le permite salir otra vez, y no solo eso, pues también invita a todos a compartir un bocadillo. | ||
| 521 | _aNiños de 4 a 6 años | ||
| 590 | _abgg | ||
| 650 |
_911844 _aCuentos infantiles ecuatorianos |
||
| 650 | 4 |
_913897 _aLiteratura infantil ecuatoriana |
|
| 942 |
_2ddc _cBK |
||
| 999 |
_c71260 _d71260 |
||